[Event "2.BLS 0203 Pang Rosenheim - SK Krumbach"]
[Site "?"]
[Date "2002.12.15"]
[Round "3.3"]
[White "Kempter, Ronald"]
[Black "Blaskowski, Johannes"]
[Result "0-1"]
[WhiteElo "2290"]
[BlackElo "2310"]
[PlyCount "84"]
[EventDate "2002.??.??"]

1. Nf3 Nf6 2. g3 b5 3. Bg2 Bb7 4. O-O e6 5. d4 Be7 6. Bg5 O-O 7. Qd3 Be4 8.
Qxb5 Nc6 9. Qc4 Rb8 10. Ne5 Rb4 11. Nxc6 dxc6 12. Qc3 Bxg2 13. Bxf6 Bxf1 14.
Bxe7 Qxe7 15. Kxf1 Qd6 16. e3 c5 17. a3 Qa6+ 18. Kg1 Rc4 19. Qd3 cxd4 20. Nd2
Rc6 21. Qxa6 Rxa6 22. exd4 Rd8 23. Nf3 Rb8 24. Ra2 f6 25. Kf1 g5 26. h3 Kf7 27.
Ke2 h5 28. h4 gxh4 29. Nxh4 Ra5 30. Nf3 c5 31. c3 Rab5 32. b4 cxb4 33. axb4 a5
34. bxa5 Rb2+ 35. Rxb2 Rxb2+ 36. Ke3 Rc2 37. Kd3 Rxf2 38. Nd2 Rf5 39. Nc4 Rf3+
40. Kc2 Rxg3 41. a6 Rg8 42. Nb6 h4 0-1

[Event "2.BLS 0203 Pang Rosenheim - SK Krumbach"]
[Site "?"]
[Date "2002.12.15"]
[Round "3.4"]
[White "Vogel, Robert"]
[Black "Riefner, Edwin"]
[Result "0-1"]
[WhiteElo "2310"]
[BlackElo "2226"]
[PlyCount "136"]
[EventDate "2002.??.??"]

1. d4 Nf6 2. c4 g6 3. Nc3 d5 4. Nf3 Bg7 5. cxd5 Nxd5 6. e4 Nxc3 7. bxc3 c5 8.
Rb1 O-O 9. Qd2 Nc6 10. Bb2 Re8 11. Be2 e6 12. O-O Qa5 13. Rfd1 Bd7 14. Ba1 Nd8
15. d5 Rb8 16. h4 b5 17. h5 exd5 18. exd5 Nb7 19. hxg6 hxg6 20. Qf4 Qb6 21. a4
Qd6 22. Qd2 bxa4 23. c4 Bxa1 24. Rxa1 Nd8 25. Bd3 Qf6 26. Qa5 Qb6 27. Qd2 Qf6
28. Qa5 Qb6 29. Qc3 Qb2 30. Qxb2 Rxb2 31. Rdb1 Rb4 32. Nd2 Nb7 33. Kf1 a5 34.
Bc2 Nd6 35. Bd3 Kf8 36. Rc1 Rb2 37. Rc2 Rb4 38. Rcc1 Rb2 39. Rc2 Reb8 40. Ke1
Rxc2 41. Bxc2 Rb4 42. Bd3 Ke7 43. Kd1 Bf5 44. Ke2 Kf6 45. Bxf5 gxf5 46. Rc1 Rb2
47. Kd3 a3 48. Kc3 Ne4+ 49. Nxe4+ fxe4 50. Rc2 Rb1 51. Ra2 a4 52. Kc2 Rb4 53.
Kc3 Rb3+ 54. Kc2 Ke5 55. Ra1 Rd3 56. f3 f5 57. fxe4 fxe4 58. g4 Rg3 59. g5 Rxg5
60. Rxa3 Kd4 61. Rxa4 Rg2+ 62. Kb3 Rg3+ 63. Kc2 Rd3 64. d6 Ke5 65. Ra5 Kxd6 66.
Ra6+ Ke5 67. Rc6 Kd4 68. Re6 Rc3+ 0-1

[Event "2.BLS 0203 Pang Rosenheim - SK Krumbach"]
[Site "?"]
[Date "2002.12.15"]
[Round "3.5"]
[White "Trassl, Franz"]
[Black "Duer, Werner"]
[Result "1/2-1/2"]
[WhiteElo "2260"]
[BlackElo "2285"]
[PlyCount "107"]
[EventDate "2002.??.??"]

1. Nf3 Nf6 2. d4 d5 3. c4 c6 4. Nc3 a6 5. cxd5 cxd5 6. Bg5 e6 7. e3 Be7 8. Bd3
O-O 9. Rc1 Nbd7 10. O-O b5 11. Ne2 Bb7 12. Bb1 Nb6 13. Ne5 Nc4 14. Nf4 g6 15.
Nfd3 Ne4 16. Bxe7 Qxe7 17. Qe2 f6 18. Nf3 a5 19. Rfd1 b4 20. Nfe1 e5 21. f3
Ned6 22. Nc5 exd4 23. Nxb7 Nxb7 24. Rxd4 Qxe3+ 25. Qxe3 Nxe3 26. Kf2 Rae8 27.
Rd3 Nc4 28. Rxd5 Nxb2 29. Rb5 Re7 30. Be4 Nd6 31. Bd5+ Kg7 32. Rxa5 Rfe8 33.
Kf1 Nf5 34. Be4 Ne3+ 35. Kf2 Nec4 36. Rc5 f5 37. Bd5 Rxe1 38. Rxe1 Nd3+ 39. Kg3
f4+ 40. Kh3 Rxe1 41. Rxc4 g5 42. Rc7+ Kf6 43. g3 Rg1 44. Rc2 fxg3 45. hxg3 Rh1+
46. Kg2 Rd1 47. Re2 Ne1+ 48. Kh3 Rxd5 49. Rxe1 Ra5 50. Re4 Rxa2 51. Rxb4 h5 52.
Rb6+ Kg7 53. Rb7+ Kg6 54. Rb6+ 1/2-1/2

[Event "2.BLS 0203 Pang Rosenheim - SK Krumbach"]
[Site "?"]
[Date "2002.12.15"]
[Round "3.6"]
[White "Geisler, Fabian"]
[Black "Link, Ulrich Dr"]
[Result "1/2-1/2"]
[WhiteElo "2273"]
[BlackElo "2141"]
[PlyCount "37"]
[EventDate "2002.??.??"]

1. e4 e5 2. Nf3 Nc6 3. Bb5 a6 4. Ba4 d6 5. Bxc6+ bxc6 6. d4 f6 7. Nc3 Ne7 8.
Be3 Ng6 9. h4 h5 10. Qd3 Bd7 11. O-O-O Be7 12. Qc4 Qc8 13. dxe5 fxe5 14. Ng5
Bxg5 15. Bxg5 Rb8 16. Rd3 Qb7 17. Nd1 Qb5 18. Rc3 Qxc4 19. Rxc4 1/2-1/2

[Event "2.BLS 0203 Pang Rosenheim - SK Krumbach"]
[Site "?"]
[Date "2002.12.15"]
[Round "3.7"]
[White "Sirch, Franz"]
[Black "Salvermoser, Bernd"]
[Result "1-0"]
[WhiteElo "2215"]
[BlackElo "2306"]
[PlyCount "77"]
[EventDate "2002.??.??"]

1. e4 c6 2. d4 d5 3. exd5 cxd5 4. c4 Nf6 5. Nc3 Nc6 6. Nf3 Bg4 7. cxd5 Nxd5 8.
Qb3 Bxf3 9. gxf3 e6 10. Qxb7 Nxd4 11. Bb5+ Nxb5 12. Qc6+ Ke7 13. Qxb5 Rc8 14.
Nxd5+ Qxd5 15. Qxd5 exd5 16. Be3 Ke6 17. Bxa7 Rc2 18. O-O Bb4 19. a3 Bd2 20. b4
Ra8 21. Bd4 Rc4 22. Bc5 d4 23. Ra2 Bc3 24. Rd1 Ra4 25. Re2+ Kd5 26. Re7 Rxa3
27. Rxf7 Ra1 28. Rxa1 Bxa1 29. Rxg7 Rc1+ 30. Kg2 d3 31. Rxh7 Kc4 32. Be3 Re1
33. Rc7+ Kb3 34. b5 Bc3 35. b6 Kc2 36. Bd4 d2 37. Rxc3+ Kb2 38. b7 Rg1+ 39. Kh3
1-0

[Event "2.BLS 0203 Pang Rosenheim - SK Krumbach"]
[Site "?"]
[Date "2002.12.15"]
[Round "3.8"]
[White "Wimmer, Herbert"]
[Black "Gayer, Michael"]
[Result "1/2-1/2"]
[WhiteElo "2192"]
[BlackElo "2069"]
[PlyCount "42"]
[EventDate "2002.??.??"]

1. e4 c5 2. Nf3 d6 3. Bb5+ Bd7 4. Bxd7+ Qxd7 5. c4 Nc6 6. d4 cxd4 7. Nxd4 Nf6
8. Nc3 g6 9. f3 Bg7 10. Be3 O-O 11. Qd2 Rfc8 12. b3 Ne8 13. O-O Nc7 14. Rac1
Nxd4 15. Bxd4 Bxd4+ 16. Qxd4 b5 17. cxb5 Nxb5 18. Nxb5 Qxb5 19. Rc3 Qb6 20.
Qxb6 axb6 21. Rfc1 Rxc3 1/2-1/2

[Event "2.BLS 0203 Heidelberg HSH - SG Kirchhei"]
[Site "?"]
[Date "2003.01.13"]
[Round "4.3"]
[White "Biebinger, Gerhard"]
[Black "Schwalfenberg, Joerg"]
[Result "0-1"]
[WhiteElo "2391"]
[BlackElo "2360"]
[PlyCount "67"]
[EventDate "2003.??.??"]

1. d4 d5 2. c4 c6 3. Nf3 Nf6 4. Nc3 e6 5. Bg5 h6 6. Bh4 dxc4 7. e4 g5 8. Bg3 b5
9. Be2 Nbd7 10. d5 exd5 11. exd5 b4 12. dxc6 bxc3 13. cxd7+ Bxd7 14. bxc3 Bg7
15. O-O O-O 16. Bxc4 Ne4 17. Be5 Bg4 18. Bxg7 Kxg7 19. Bd3 Nxc3 20. Qc2 Qf6 21.
Nd2 Rac8 22. Nc4 Rfd8 23. Rae1 Rxd3 24. Qxd3 Bf5 25. Qe3 Rxc4 26. Rc1 a6 27.
Kh1 Nd5 28. Qe2 Re4 29. Qd2 Rd4 30. Qa5 Nf4 31. Rfd1 Bh3 32. Rg1 Nxg2 33. Qc3
Nf4 34. Rg3 0-1

[Event "2.BLS 0203 Heidelberg HSH - SG Kirchhei"]
[Site "?"]
[Date "2003.01.13"]
[Round "4.4"]
[White "Roos, Jean-Luc"]
[Black "Vonthron, Horst"]
[Result "1/2-1/2"]
[WhiteElo "2307"]
[BlackElo "2351"]
[PlyCount "86"]
[EventDate "2003.??.??"]

1. d4 Nf6 2. Nf3 d6 3. g3 c6 4. Bg2 Bg4 5. O-O e6 6. b3 Be7 7. Bb2 O-O 8. Na3
a5 9. Nc4 a4 10. Ne3 Bh5 11. c4 Ne4 12. Nc2 d5 13. c5 b6 14. b4 Nd7 15. Nd2
Nxd2 16. Qxd2 e5 17. dxe5 bxc5 18. e4 a3 19. Nxa3 cxb4 20. Nc2 Nb6 21. exd5 Nc4
22. Qd4 cxd5 23. Ne3 Nxe3 24. Qxe3 Ra5 25. Rfc1 h6 26. h3 Qa8 27. Qd4 Be2 28.
Rc2 Bh5 29. Rc7 Re8 30. Rac1 Bg6 31. R1c6 Be4 32. e6 f6 33. Bxe4 dxe4 34. Qd7
Kh7 35. Rc8 Rxc8 36. Rxc8 Qd5 37. Qxd5 Rxd5 38. Rc7 e3 39. fxe3 Rd1+ 40. Kf2
Rd2+ 41. Kf3 Rxb2 42. Rxe7 Rxa2 43. Rb7 Ra6 1/2-1/2

[Event "2.BLS 0203 Heidelberg HSH - SG Kirchhei"]
[Site "?"]
[Date "2003.01.13"]
[Round "4.5"]
[White "Beckhuis, Gernod"]
[Black "Nippgen, Georg"]
[Result "1-0"]
[WhiteElo "2283"]
[BlackElo "2256"]
[PlyCount "43"]
[EventDate "2003.??.??"]

1. Nf3 d5 2. d4 e6 3. c4 Be7 4. Nc3 Nf6 5. Bg5 h6 6. Bh4 Ne4 7. Bxe7 Qxe7 8.
cxd5 Nxc3 9. bxc3 exd5 10. e3 Nd7 11. Bd3 Nb6 12. a4 a5 13. Qb3 O-O 14. O-O Rd8
15. Ne5 Be6 16. Bb1 f6 17. Ng6 Qf7 18. Qc2 Bd7 19. Nh8 Qe6 20. Qh7+ Kf8 21.
Ng6+ Ke8 22. Bf5 1-0

[Event "2.BLS 0203 Heidelberg HSH - SG Kirchhei"]
[Site "?"]
[Date "2003.01.13"]
[Round "4.6"]
[White "Neunhoeffer, Helmut Dr"]
[Black "Wippermann, Till"]
[Result "0-1"]
[WhiteElo "2337"]
[BlackElo "2354"]
[PlyCount "108"]
[EventDate "2003.??.??"]

1. d4 Nf6 2. c4 e5 3. dxe5 Ng4 4. Nf3 Bc5 5. e3 Nc6 6. a3 a5 7. Nc3 O-O 8. b3
Re8 9. Be2 Ncxe5 10. h3 Nxf3+ 11. gxf3 Nh6 12. Ne4 Be7 13. Bb2 Ra6 14. Qd2 Rg6
15. Qxa5 b6 16. Qd2 f5 17. Ng3 Bc5 18. O-O-O Qh4 19. Rhg1 d6 20. b4 Bxe3 21.
fxe3 Rxg3 22. Qd4 Qxd4 23. Bxd4 f4 24. Rxg3 fxg3 25. Rg1 Nf5 26. Kd2 c5 27. Bc3
Rxe3 28. f4 Re4 29. Bd3 Rxf4 30. Bxf5 Bxf5 31. Rxg3 g6 32. bxc5 bxc5 33. Ba5
Rxc4 34. Rb3 Kf7 35. Rb7+ Ke6 36. Rxh7 Ra4 37. Bd8 Rxa3 38. Re7+ Kd5 39. h4 Kd4
40. Rc7 Ra2+ 41. Kc1 c4 42. Bf6+ Kd3 43. Rc6 d5 44. Rd6 Be4 45. Rc6 Ra5 46. Bg7
d4 47. Rd6 Rd5 48. Ra6 Rf5 49. Ra4 Rf1+ 50. Kb2 c3+ 51. Ka2 Bd5+ 52. Ka3 Ra1+
53. Kb4 Rxa4+ 54. Kxa4 Kc4 0-1

[Event "2.BLS 0203 Heidelberg HSH - SG Kirchhei"]
[Site "?"]
[Date "2003.01.13"]
[Round "4.7"]
[White "Adler, Joel Dr"]
[Black "Syska, Albert"]
[Result "1-0"]
[WhiteElo "2311"]
[BlackElo "2250"]
[PlyCount "79"]
[EventDate "2003.??.??"]

1. d4 Nf6 2. c4 c5 3. d5 e5 4. Nc3 d6 5. e4 Be7 6. g3 g6 7. Bg2 Nh5 8. Nge2 Bg5
9. O-O Bxc1 10. Nxc1 Ng7 11. f4 f6 12. Nd3 O-O 13. Qd2 Nd7 14. Rf2 Qe7 15. a3
Nb6 16. b3 Bd7 17. a4 a5 18. Raf1 Nh5 19. Nd1 Nc8 20. Ne3 b6 21. fxe5 dxe5 22.
g4 Ng7 23. g5 f5 24. exf5 Bxf5 25. Ng4 Nd6 26. Ndxe5 Nh5 27. Nh6+ Kh8 28. Qb2
Qg7 29. Qd2 Qa7 30. Qc3 Qg7 31. Qd2 Qa7 32. Bf3 Bh3 33. Bxh5 Bxf1 34. Bg4 Ne4
35. Bd7 Nxd2 36. Be8 Rfxe8 37. Rxd2 Bh3 38. d6 Rf8 39. Rf2 Rfe8 40. Nhf7+ 1-0

[Event "2.BLS 0203 Karlsruher SF - SC Eppingen"]
[Site "?"]
[Date "2003.01.13"]
[Round "4.1"]
[White "Gyimesi, Zoltan"]
[Black "Delemarre, Jop"]
[Result "1/2-1/2"]
[WhiteElo "2596"]
[BlackElo "2418"]
[PlyCount "80"]
[EventDate "2003.??.??"]

1. d4 Nf6 2. c4 g6 3. Nc3 d5 4. Nf3 Bg7 5. Qb3 dxc4 6. Qxc4 O-O 7. e4 a6 8. Be2
b5 9. Qb3 Nc6 10. e5 Be6 11. exf6 Bxb3 12. fxg7 Kxg7 13. axb3 Nxd4 14. Nxd4
Qxd4 15. O-O Qb4 16. Bf3 Qxb3 17. Ne4 Rfd8 18. Nc5 Qb4 19. Nxa6 Qd6 20. Bxa8
Rxa8 21. Nxc7 Rb8 22. Na6 Ra8 23. Nc7 Rb8 24. Ra7 Rc8 25. Nxb5 Qc5 26. Be3 Qxb5
27. Rxe7 Qxb2 28. Rd7 Rc4 29. Rfd1 Qe2 30. h3 Re4 31. Bd4+ Kh6 32. Bc5 g5 33.
R1d3 Qc2 34. Be3 Kg6 35. R3d5 h6 36. Rc5 Qb1+ 37. Rc1 Qb3 38. Rcd1 Rxe3 39.
fxe3 Qxe3+ 40. Kh1 Qf2 1/2-1/2

[Event "2.BLS 0203 Karlsruher SF - SC Eppingen"]
[Site "?"]
[Date "2003.01.13"]
[Round "4.2"]
[White "Arnold, Lothar"]
[Black "Medvegy, Zoltan"]
[Result "0-1"]
[WhiteElo "2360"]
[BlackElo "2513"]
[PlyCount "92"]
[EventDate "2003.??.??"]

1. e4 c6 2. d4 d5 3. Nd2 dxe4 4. Nxe4 Bf5 5. Ng3 Bg6 6. h4 h6 7. Nf3 Nd7 8. h5
Bh7 9. Bd3 Bxd3 10. Qxd3 e6 11. Bf4 Qa5+ 12. Bd2 Bb4 13. Ne4 Ngf6 14. Nd6+ Ke7
15. Nc4 Bxd2+ 16. Nfxd2 Qc7 17. O-O-O Rhc8 18. Kb1 c5 19. dxc5 Qxc5 20. Ne3 Ne5
21. Qe2 Nc6 22. g4 Rd8 23. Nf3 Ne4 24. Rxd8 Rxd8 25. Rd1 Qb4 26. Kc1 Rxd1+ 27.
Nxd1 Nf6 28. Ne3 Qf4 29. Ne1 Ne5 30. Nd3 Nxd3+ 31. cxd3 Nd7 32. Kb1 Ne5 33. a3
Kf6 34. Qd2 Qd4 35. Nc2 Qxg4 36. f4 Nc6 37. Qc3+ Ke7 38. Ka2 Qxh5 39. Qxg7 Qd5+
40. Kb1 Qxd3 41. Qg1 Qf5 42. Qe3 h5 43. Kc1 h4 44. Ne1 h3 45. Nf3 Qh5 46. Nh2
b6 0-1

[Event "2.BLS 0203 Karlsruher SF - SC Eppingen"]
[Site "?"]
[Date "2003.01.13"]
[Round "4.3"]
[White "Mann, Christian"]
[Black "Werner, Clemens"]
[Result "1-0"]
[WhiteElo "2445"]
[BlackElo "2351"]
[PlyCount "75"]
[EventDate "2003.??.??"]

1. e4 c5 2. c3 d5 3. exd5 Qxd5 4. d4 Nf6 5. Nf3 Bg4 6. dxc5 Qxc5 7. Na3 a6 8.
h3 Bh5 9. Be3 Qc7 10. Qa4+ Nbd7 11. Bf4 Qc8 12. Ne5 e6 13. g4 Bxa3 14. Qxa3
Nxe5 15. Bxe5 Qc6 16. O-O-O Bg6 17. f3 Nd7 18. Bxg7 Qxf3 19. Bb5 Qe3+ 20. Rd2
O-O-O 21. Bxh8 Ne5 22. Bd7+ Nxd7 23. Bd4 Qe4 24. Rdh2 Nb8 25. Qc5+ Nc6 26. b3
Qb1+ 27. Kd2 Qxa2+ 28. Ke3 Qxb3 29. Kf4 Rd5 30. Qf8+ Rd8 31. Qc5 Rd5 32. Qf8+
Kc7 33. Re1 Nxd4 34. cxd4 Rxd4+ 35. Kg5 Qd5+ 36. Kh6 Rc4 37. Rb2 b6 38. Ra1 {
(ZU)} 1-0

[Event "2.BLS 0203 Karlsruher SF - SC Eppingen"]
[Site "?"]
[Date "2003.01.13"]
[Round "4.5"]
[White "Schulze, Ulrich"]
[Black "Duschek, Volker"]
[Result "0-1"]
[WhiteElo "2353"]
[BlackElo "2321"]
[PlyCount "45"]
[EventDate "2003.??.??"]

1. Nf3 Nf6 2. d4 g6 3. c3 Bg7 4. Bg5 O-O 5. Nbd2 d5 6. e3 Nbd7 7. Be2 Re8 8.
O-O e5 9. b4 e4 10. Ne1 h6 11. Bh4 Nf8 12. c4 c6 13. Nc2 N8h7 14. Rb1 Ng5 15.
b5 cxb5 16. cxb5 Bf5 17. Nb4 Qd7 18. Nb3 b6 19. Rc1 Bf8 20. Qd2 Bg4 21. Nc6 Bf3
22. Bg3 Qh3 23. gxh3 0-1

[Event "2.BLS 0203 Karlsruher SF - SC Eppingen"]
[Site "?"]
[Date "2003.01.13"]
[Round "4.6"]
[White "Karst, Elmar"]
[Black "Koch, Wolfgang Max Dr"]
[Result "1-0"]
[WhiteElo "2280"]
[BlackElo "2308"]
[PlyCount "103"]
[EventDate "2003.??.??"]

1. e4 d6 2. d4 Nf6 3. Nc3 g6 4. Nf3 Bg7 5. h3 c6 6. a4 a5 7. Be2 Na6 8. O-O Nb4
9. Bf4 O-O 10. Re1 b6 11. Bf1 d5 12. exd5 Nbxd5 13. Nxd5 cxd5 14. Ne5 Bb7 15.
Bb5 Rc8 16. f3 Kh8 17. Qd2 Ng8 18. Nd7 Re8 19. Ne5 Rf8 20. c3 f6 21. Nd7 Rf7
22. Re6 Ra8 23. Nxb6 Ra7 24. Rae1 g5 25. Bh2 f5 26. Qxg5 Ba6 27. Rc6 Bb7 28.
Bc7 Qf8 29. Rc5 Nf6 30. Bd3 e6 31. Rxe6 Bc8 32. Bd6 Bxe6 33. Bxf8 Rxf8 34. Rc6
Re7 35. Bxf5 Bxf5 36. Qxf5 Re1+ 37. Kf2 Ree8 38. Nd7 Nxd7 39. Qxd7 Rb8 40. Qxd5
Rxb2+ 41. Kf1 Rb1+ 42. Kf2 Rb2+ 43. Kg1 Rg8 44. f4 Rb1+ 45. Kh2 Rf1 46. Qe4 Rf8
47. Kg3 Rg8 48. Kh4 Rf8 49. g3 Bf6+ 50. Kh5 Rg1 51. Qf5 Bg7 52. Rc8 1-0

[Event "2.BLS 0203 Karlsruher SF - SC Eppingen"]
[Site "?"]
[Date "2003.01.13"]
[Round "4.7"]
[White "Rau, Hannes"]
[Black "Bach, Edwin"]
[Result "0-1"]
[WhiteElo "2325"]
[BlackElo "2302"]
[PlyCount "46"]
[EventDate "2003.??.??"]

1. d4 d5 2. c4 c6 3. Nf3 Nf6 4. Nc3 e6 5. Bg5 dxc4 6. e4 b5 7. e5 h6 8. Bh4 g5
9. Nxg5 hxg5 10. Bxg5 Nbd7 11. g3 Qa5 12. exf6 b4 13. Ne4 Ba6 14. Qf3 O-O-O 15.
Bg2 c3 16. Nxc3 Nb8 17. Ne4 Rxd4 18. Bd2 Rh5 19. Qe3 Qf5 20. f4 Bd3 21. Bf3
Rxe4 22. Bxe4 Bxe4 23. Rg1 Bc5 0-1

[Event "2.BLS 0203 Karlsruher SF - SC Eppingen"]
[Site "?"]
[Date "2003.01.13"]
[Round "4.8"]
[White "Werner, Isabel"]
[Black "Herbrechtsmeier, Christoph"]
[Result "1/2-1/2"]
[WhiteElo "2246"]
[BlackElo "2310"]
[PlyCount "61"]
[EventDate "2003.??.??"]

1. e4 c5 2. c3 d5 3. exd5 Qxd5 4. d4 g6 5. dxc5 Qxd1+ 6. Kxd1 Nf6 7. Be3 Bg7 8.
f3 O-O 9. Nd2 Rd8 10. Bc4 Nc6 11. Ke2 Ne5 12. Bb3 Bf5 13. Nh3 Bd3+ 14. Ke1 Ba6
15. Nf2 Nd5 16. Bxd5 Rxd5 17. Bd4 Nc4 18. Nxc4 Bxd4 19. cxd4 Bxc4 20. b3 Bb5
21. a4 Ba6 22. b4 Bc4 23. Kd2 Rxd4+ 24. Kc3 Rad8 25. Rhd1 Rxd1 26. Rxd1 Rxd1
27. Nxd1 Be6 {(=)} 28. Ne3 Kf8 29. b5 Ke8 30. Nc4 Kd8 31. Kd4 {(=)} 1/2-1/2

[Event "2.BLS 0203 Schmiden Cannst - SK Krumbac"]
[Site "?"]
[Date "2003.01.13"]
[Round "4.1"]
[White "Lechtinsky, Jiri"]
[Black "Holzhaeuer, Mathias"]
[Result "1-0"]
[WhiteElo "2399"]
[BlackElo "2407"]
[PlyCount "119"]
[EventDate "2003.??.??"]

1. Nf3 Nf6 2. d4 e6 3. Bg5 c5 4. e3 b6 5. d5 exd5 6. Nc3 Bb7 7. Nxd5 Bxd5 8.
Bxf6 Qxf6 9. Qxd5 Nc6 10. O-O-O Rd8 11. Bc4 Be7 12. c3 O-O 13. Rd2 Rb8 14. a4
Na5 15. Bd3 Qe6 16. Bf5 Qxd5 17. Rxd5 d6 18. Bd3 Nc6 19. Bc4 Nd8 20. Nd2 Ne6
21. Ne4 Nc7 22. Rd2 Rfd8 23. Rhd1 Ne8 24. Bb5 Kf8 25. Bxe8 Kxe8 26. g4 Rbc8 27.
Nxd6+ Rxd6 28. Rxd6 Bxd6 29. Rxd6 Ke7 30. Rd5 Rc6 31. g5 Re6 32. Rf5 Re4 33.
Rf4 Rxf4 34. exf4 Ke6 35. Kd2 Kf5 36. Ke3 Kg4 37. Ke4 h5 38. gxh6 gxh6 39. Ke5
h5 40. f5 h4 41. Kf6 h3 42. b4 cxb4 43. cxb4 a6 44. b5 a5 45. Kxf7 Kxf5 46. Ke7
Kf4 47. Kd6 Kf3 48. Kc7 Kg2 49. f4 Kxh2 50. f5 Kg3 51. f6 h2 52. f7 h1=Q 53.
f8=Q Qe4 54. Qd6+ Kh4 55. Qd8+ Kh5 56. Qd1+ Kh4 57. Kxb6 Qe3+ 58. Ka6 Qc3 59.
Qd7 Qb4 60. b6 1-0

[Event "2.BLS 0203 Schmiden Cannst - SK Krumbac"]
[Site "?"]
[Date "2003.01.13"]
[Round "4.2"]
[White "Schnepp, Gunnar"]
[Black "Egger, Thomas"]
[Result "1/2-1/2"]
[WhiteElo "2278"]
[BlackElo "2307"]
[PlyCount "59"]
[EventDate "2003.??.??"]

1. d4 Nf6 2. c4 c5 3. d5 b5 4. Nf3 g6 5. a4 b4 6. Nbd2 d6 7. e4 Bg7 8. Be2 e5
9. O-O O-O 10. Ne1 a5 11. Nd3 Ra7 12. b3 Ne8 13. Bb2 f5 14. f4 exf4 15. Bxg7
Nxg7 16. Nxf4 Re7 17. Bd3 Qe8 18. Qc2 Nd7 19. Ne6 Nxe6 20. dxe6 Ne5 21. exf5
gxf5 22. Bxf5 Bxe6 23. Bxe6+ Rxe6 24. Rxf8+ Qxf8 25. Rf1 Rf6 26. Rxf6 Qxf6 27.
Qe4 Ng6 28. h3 Ne5 29. Qd5+ Nf7 30. g4 1/2-1/2

[Event "2.BLS 0203 Schmiden Cannst - SK Krumbac"]
[Site "?"]
[Date "2003.01.13"]
[Round "4.3"]
[White "Kempter, Ronald"]
[Black "Trachtmann, Mark"]
[Result "1/2-1/2"]
[WhiteElo "2290"]
[BlackElo "2314"]
[PlyCount "81"]
[EventDate "2003.??.??"]

1. Nf3 g6 2. g3 Bg7 3. d4 Nf6 4. Bg2 O-O 5. c4 d6 6. O-O Nc6 7. d5 Nb8 8. Nd4
Re8 9. Nc3 e5 10. dxe6 fxe6 11. b3 Nbd7 12. Bb2 a5 13. Qd2 Nc5 14. Rad1 Rb8 15.
e4 e5 16. Nc2 Bd7 17. Ne3 Bc6 18. Ned5 b6 19. Nxf6+ Bxf6 20. Nd5 Bg7 21. f4 Kh8
22. fxe5 dxe5 23. Rf7 Ne6 24. Rdf1 Qd6 25. Bc3 Bxd5 26. exd5 Nd4 27. Kh1 Re7
28. R7f2 Qc5 29. Bh3 Rbe8 30. Rf7 Rxf7 31. Rxf7 Rf8 32. Qf2 Rxf7 33. Qxf7 Qf8
34. Be6 Qxf7 35. Bxf7 Bf8 36. Be8 Kg7 37. Bd7 Kf6 38. Kg2 Bd6 39. h4 Nc2 40.
Kf3 Nb4 41. Bxb4 1/2-1/2

[Event "2.BLS 0203 Schmiden Cannst - SK Krumbac"]
[Site "?"]
[Date "2003.01.13"]
[Round "4.4"]
[White "Birk, Steffen"]
[Black "Riefner, Edwin"]
[Result "1/2-1/2"]
[WhiteElo "2272"]
[BlackElo "2226"]
[PlyCount "69"]
[EventDate "2003.??.??"]

1. e4 e6 2. d4 d5 3. Nc3 Bb4 4. e5 c5 5. a3 Bxc3+ 6. bxc3 Ne7 7. Qg4 O-O 8. Bd3
f5 9. exf6 Rxf6 10. Bg5 Rf7 11. Qh5 g6 12. Qd1 Nbc6 13. Nf3 Qf8 14. O-O c4 15.
Be2 h6 16. Bxe7 Qxe7 17. Re1 Bd7 18. Bf1 Raf8 19. Re3 Qf6 20. Qd2 g5 21. h3 Kh7
22. Be2 Rg7 23. Rf1 Qe7 24. Qc1 Qd6 {(=)} 25. Ne5 Nxe5 26. Rxe5 Rf5 27. Re3
Rgf7 28. Bg4 R5f6 29. Re5 b5 30. f3 Rf8 31. Rfe1 Rb8 32. R1e3 Rb6 33. Qe1 Qxa3
34. Bxe6 Bxe6 35. Rxe6 {(=)} 1/2-1/2

[Event "2.BLS 0203 Schmiden Cannst - SK Krumbac"]
[Site "?"]
[Date "2003.01.13"]
[Round "4.5"]
[White "Trassl, Franz"]
[Black "Krockenberger, Martin"]
[Result "0-1"]
[WhiteElo "2260"]
[BlackElo "2264"]
[PlyCount "114"]
[EventDate "2003.??.??"]

1. Nf3 Nf6 2. d4 g6 3. g3 Bg7 4. Bg2 O-O 5. O-O d5 6. Ne5 e6 7. b4 a5 8. b5 c6
9. c4 Nfd7 10. Nxd7 Nxd7 11. cxd5 cxd5 12. Ba3 Re8 13. e3 Nb6 14. Nd2 Bd7 15.
Qb3 a4 16. Qb2 Ra5 17. Qc3 Rxb5 18. Rfc1 Nc8 19. Nf3 f6 20. Ne1 Bc6 21. Nd3 Nd6
22. Nb4 Rb6 23. Nxc6 Rxc6 24. Qb4 Nc4 25. Qxb7 Rc7 26. Qb4 Bf8 27. Qxa4 Bxa3
28. Rxc4 Rxc4 29. Qxa3 Qa8 30. Qd6 Rc6 31. Qd7 Qc8 32. Qxc8 Rexc8 33. Bf3 Rc1+
34. Rxc1 Rxc1+ 35. Kg2 f5 36. h4 Ra1 37. Be2 Rxa2 38. Bb5 Kf7 39. Bc6 Ra5 40.
f4 Ke7 41. Kf3 Kd6 42. Be8 Ke7 43. Bc6 Kd6 {(=)} 44. Be8 Ra8 45. Bb5 Ra3 46.
Be8 Ra8 47. Bb5 Kc7 48. Kf2 Ra7 49. Be2 Kb6 50. h5 Ka5 51. hxg6 hxg6 52. g4 Kb4
53. gxf5 gxf5 54. Bh5 Kc3 55. Be8 Ra2+ 56. Ke1 Kd3 57. Bd7 Re2+ 0-1

[Event "2.BLS 0203 Schmiden Cannst - SK Krumbac"]
[Site "?"]
[Date "2003.01.13"]
[Round "4.6"]
[White "Thoma, Christian"]
[Black "Link, Ulrich Dr"]
[Result "1-0"]
[WhiteElo "2239"]
[BlackElo "2141"]
[PlyCount "80"]
[EventDate "2003.??.??"]

1. e4 e5 2. Nf3 Nc6 3. Bc4 d6 4. d4 Bg4 5. c3 Qe7 6. O-O Nf6 7. Re1 g6 8. Qb3
Nd8 9. Nbd2 Bg7 10. h3 Bd7 11. Qb4 a5 12. Qa3 Nh5 13. dxe5 dxe5 14. Qxe7+ Kxe7
15. b3 b5 16. Bf1 Ne6 17. a4 c6 18. Ba3+ Ke8 19. axb5 cxb5 20. c4 Bh6 21. cxb5
Bxd2 22. Nxd2 Nd4 23. Rec1 Nf4 24. Rc7 Kd8 25. Bd6 Bxb5 26. Rxf7 Nfe2+ 27. Kh2
Re8 28. Rxh7 Bd7 29. Re1 Nc3 30. Bc4 Ncb5 31. Bc5 Be6 32. Rg7 a4 33. Rc1 Bxc4
34. Bb6+ Kc8 35. Rxc4+ Kb8 36. bxa4 Ra6 37. a5 Re6 38. Rg8+ Kb7 39. Rcc8 Nc6
40. Nb3 Rxb6 1-0

[Event "2.BLS 0203 Schmiden Cannst - SK Krumbac"]
[Site "?"]
[Date "2003.01.13"]
[Round "4.7"]
[White "Sirch, Franz"]
[Black "Loehr, Markus"]
[Result "0-1"]
[WhiteElo "2215"]
[BlackElo "2199"]
[PlyCount "74"]
[EventDate "2003.??.??"]

1. e4 c5 2. Nf3 e6 3. c3 d5 4. e5 d4 5. g3 Nc6 6. Qe2 Nge7 7. Bg2 Nf5 8. O-O
Be7 9. d3 O-O 10. h4 Qc7 11. Bf4 dxc3 12. bxc3 b5 13. d4 cxd4 14. cxd4 Qb6 15.
Nbd2 Bb7 16. Nb3 a5 17. Rfd1 a4 18. d5 exd5 19. Nc1 Rad8 20. e6 f6 21. Bh3 Nd6
22. Be3 d4 23. Rxd4 Nxd4 24. Nxd4 Qa5 25. Nd3 b4 26. Nf4 Rc8 27. Qg4 Kh8 28.
Bf1 Rc3 29. Bd2 Qe5 30. Re1 Qc5 31. Bxc3 bxc3 32. Bd3 f5 33. Qh5 Kg8 34. Nc2
Qc6 35. Kh2 Ne4 36. Nd4 Qc5 37. Rxe4 fxe4 0-1

[Event "2.BLS 0203 SK Bebenhausen - Pang Rosenh"]
[Site "?"]
[Date "2003.01.13"]
[Round "4.1"]
[White "Wach, Markus"]
[Black "Gheng, Josef"]
[Result "1-0"]
[WhiteElo "2388"]
[BlackElo "2314"]
[PlyCount "81"]
[EventDate "2003.??.??"]

1. e4 c5 2. Nf3 Nf6 3. Nc3 Nc6 4. d4 cxd4 5. Nxd4 g6 6. Be3 Bg7 7. Bc4 Ng4 8.
Qxg4 d5 9. Qe2 dxc4 10. Nxc6 bxc6 11. Qxc4 O-O 12. O-O Qc7 13. Nd5 Qb7 14. Qxc6
Rb8 15. Bc5 Qxb2 16. Bxe7 Bb7 17. Qd7 Rfc8 18. Rad1 Bc6 19. Qh3 Qxa2 20. Bd6
Bxd5 21. Bxb8 Be6 22. Qg3 a5 23. Be5 a4 24. Bxg7 Kxg7 25. f4 Qxc2 26. f5 Qc5+
27. Kh1 Bb3 28. f6+ Kg8 29. Rde1 Be6 30. Qf4 a3 31. Rc1 Qf8 32. Rxc8 Qxc8 33.
Rd1 Qf8 34. Qc7 a2 35. Qd8 a1=Q 36. Qxf8+ Kxf8 37. Rxa1 Ke8 38. Ra7 h6 39. Kg1
Kd8 40. Kf2 Kc8 41. Ke3 1-0